Under the Tuscan sun : (Record no. 12335)

000 -LEADER
fixed length control field 01507pam a2200349 a 4500
001 - CONTROL NUMBER
control field 708621
005 - DATE AND TIME OF LATEST TRANSACTION
control field 20171007020101.0
008 - FIXED-LENGTH DATA ELEMENTS--GENERAL INFORMATION
fixed length control field 970424r19971996nyu 000 0aeng
010 ## - LIBRARY OF CONGRESS CONTROL NUMBER
LC control number 97020218
020 ## - INTERNATIONAL STANDARD BOOK NUMBER
International Standard Book Number 0767900383 (pbk.)
040 ## - CATALOGING SOURCE
Original cataloging agency DLC
Transcribing agency DLC
Modifying agency DLC
043 ## - GEOGRAPHIC AREA CODE
Geographic area code e-it---
050 10 - LIBRARY OF CONGRESS CALL NUMBER
Classification number DG734.23
Item number .M38 1997
082 00 - DEWEY DECIMAL CLASSIFICATION NUMBER
Classification number 945/.5
Edition number 21
100 1# - MAIN ENTRY--PERSONAL NAME
Personal name Mayes, Frances.
245 10 - TITLE STATEMENT
Title Under the Tuscan sun :
Remainder of title at home in Italy /
Statement of responsibility, etc. Frances Mayes.
250 ## - EDITION STATEMENT
Edition statement 1st Broadway Books trade pbk. ed.
260 ## - PUBLICATION, DISTRIBUTION, ETC. (IMPRINT)
Place of publication, distribution, etc. New York :
Name of publisher, distributor, etc. Broadway Books,
Date of publication, distribution, etc. 1997.
300 ## - PHYSICAL DESCRIPTION
Extent 280 p. ;
Dimensions 21 cm.
500 ## - GENERAL NOTE
General note Originally published: San Francisco : Chronicle Books, 1996.
500 ## - GENERAL NOTE
General note Excerpts from this book appeared in the New York Times, Ploughshares, and House beautiful.
600 10 - SUBJECT ADDED ENTRY--PERSONAL NAME
Personal name Mayes, Frances.
650 #0 - SUBJECT ADDED ENTRY--TOPICAL TERM
Topical term or geographic name as entry element Cooking, Italian.
651 #0 - SUBJECT ADDED ENTRY--GEOGRAPHIC NAME
Geographic name Tuscany (Italy)
General subdivision Description and travel.
651 #0 - SUBJECT ADDED ENTRY--GEOGRAPHIC NAME
Geographic name Tuscany (Italy)
General subdivision Social life and customs.
856 42 - ELECTRONIC LOCATION AND ACCESS
Materials specified Contributor biographical information
Uniform Resource Identifier <a href="http://www.loc.gov/catdir/bios/random051/97020218.html">http://www.loc.gov/catdir/bios/random051/97020218.html</a>
856 41 - ELECTRONIC LOCATION AND ACCESS
Materials specified Sample text
Uniform Resource Identifier <a href="http://www.loc.gov/catdir/samples/random051/97020218.html">http://www.loc.gov/catdir/samples/random051/97020218.html</a>
856 42 - ELECTRONIC LOCATION AND ACCESS
Materials specified Publisher description
Uniform Resource Identifier <a href="http://www.loc.gov/catdir/description/random0414/97020218.html">http://www.loc.gov/catdir/description/random0414/97020218.html</a>
906 ## - LOCAL DATA ELEMENT F, LDF (RLIN)
a 7
b cbc
c orignew
d 1
e ocip
f 19
g y-gencatlg
942 ## - ADDED ENTRY ELEMENTS (KOHA)
Source of classification or shelving scheme
Koha item type Hard Covered Materials
Classification part DG 734.23 .M38 1997
Koha issues (borrowed), all copies 1
Holdings
Withdrawn status Lost status Source of classification or shelving scheme Damaged status Not for loan Home library Current library Shelving location Date acquired Source of acquisition Total Checkouts Full call number Barcode Date last seen Date last checked out Price effective from Koha item type
          MACHAKOS UNIVERSITY LIBRARY MACHAKOS UNIVERSITY LIBRARY Open shelf 03/08/2016 Donation (BFA) 2 DG 734.23 .M38 1997 11958 18/12/2025 12/11/2019 03/08/2016 Hard Covered Materials
© Machakos University Library, Along The Highway, Machakos Wote Rd, Machakos, Kenya P.O. Box 136 - 90100 Machakos - Kenya

Tel: ( +254 ) 723 805829 OR Fax : 044-20353 OR Email: library@mksu.ac.ke